Das staatsrecht des Königreichs Spanien / (Record no. 166501)

MARC details
000 -LEADER
campo de control de longitud fija 00651nam a2200169 i 4500
001 - NÚMERO DE CONTROL
campo de control 166501
003 - IDENTIFICADOR DE NÚMERO DE CONTROL
campo de control ES-MaACL
005 - FECHA Y HORA DE LA ÚLTIMA TRANSACCIÓN
campo de control 20250808230412.0
008 - DATOS DE LONGITUD FIJA--INFORMACIÓN GENERAL
campo de control de longitud fija 050913s1889 gw |||| | ger d
100 1# - ENTRADA PRINCIPAL--NOMBRE DE PERSONA
Nombre de persona Torres Campos, Manuel.
9 (RLIN) 110934
245 14 - MENCIÓN DEL TÍTULO
Título Das staatsrecht des Königreichs Spanien /
Mención de responsabilidad, etc. von Manuel Torres Campos.
260 ## - PUBLICACIÓN, DISTRIBUCIÓN, ETC.
Lugar de publicación, distribución, etc. Freiburg :
Nombre del editor, distribuidor, etc. Akademische Verlagsbuchhandlung von J.C.B. Mohr (Paul Siebeck),
Fecha de publicación, distribución, etc. 1889.
300 ## - DESCRIPCIÓN FÍSICA
Extensión 125 p. ;
Dimensiones 27 cm.
650 #4 - PUNTO DE ACCESO ADICIONAL DE MATERIA--TÉRMINO DE MATERIA
Término de materia o nombre geográfico como elemento de entrada Derecho constitucional-
Subdivisión geográfica España
9 (RLIN) 11682
852 ## - LOCALIZACIÓN
Ubicación ES-MaACL
Número de control de estantería T-661-F-8
Nota libre - Enc. hol., conservando cub. original
-- - Enc. en un vol. facticio
Holdings
Estatus retirado Estado de pérdida Estado de daño No para préstamo Colección Biblioteca de origen Biblioteca actual Ubicación en estantería Fecha de adquisición Total de préstamos Signatura topográfica completa Código de barras Visto por última vez Precio de reemplazo Tipo de ítem Koha
        Colección de folletos Biblioteca del Ateneo de Madrid Biblioteca del Ateneo de Madrid Depósito folletos 17/01/2008   T-661-F-8 1174628 23/02/2023 23/02/2023 Folleto